000 00961cam a2200289 a 4500
001 3870
005 20241031080309.0
020 _a9780064440509 (pbk.)
040 _aDLC
_cDLC
_beng
050 0 0 _aPZ10.M628
082 0 0 _2400
100 1 _aMinarik, Else Holmelund
245 1 2 _aA kiss for Little Bear /
_cby Else Holmelund Minarik ; pictures by Maurice Sendak.
260 _aNew York :
_bHarperCollinsPublishers,
_c1968
300 _a32 pages :
_bcolor illustrations ;
_c22 cm.
490 0 _aAn I can read book
505 _aF
520 _aLittle Bear's thank-you kiss from Grandmother gets passed on to him by many animals and greatly aids the skunks' romance.
521 _a340
_bLexile
521 _aF
_bRaz-Plus
650 1 _aKissing
_vFiction.
650 1 _aBears
_vFiction.
650 1 _aAnimals
_vFiction.
700 1 _aSendak, Maurice
_eillustrator
906 _a7
_bcbc
_corignew
_d2
_encip
_f20
_gy-gencatlg
942 _2ddc
_cBK
_n0
999 _c3870
_d3870